000 00758nam a2200181 i 4500
001 46654
003 ES-MaACL
005 20231129150407.0
007 t|
008 030331s1983 sp ||||1| spa d
111 2 _aCongreso Internacional Conmemorativo del Centenario de Juan Ramón Jiménez (
_d1981.
_cLa Rábida)
_9403
245 1 0 _aActas del Congreso Internacional Conmemorativo del Centenario de Juan Ramón Jiménez organizado por la excma. Diputación Provincial de Huelva y la Universidad de Sevilla.
260 _aHuelva :
_bInstituto de Estudios Onubenses,
_c1983.
300 _a2 v. ;
_c24 cm.
600 1 4 _aJiménez, Juan Ramón,
_d1881-1958-
_vCongresos y asambleas
_966421
852 _aES-MaACL
_jL-5653-4
_bR.105718
999 _c46654
_d46654